| 000 | 00877nam a2200301Ia 4500 | ||
|---|---|---|---|
| 003 | OSt | ||
| 005 | 20220912144545.0 | ||
| 006 | a|||||r|||| 00| 0 | ||
| 007 | ta | ||
| 008 | 220909b |||||||| |||| 00| 0 eng d | ||
| 020 | _a8121928133 (pbk) | ||
| 020 | _aSL01562022 | ||
| 024 | _a190844 | ||
| 037 | _cTextual | ||
| 040 |
_aCSL _beng _cCSL |
||
| 041 | _aeng | ||
| 082 | _aC4:7, K8;7 | ||
| 100 | _aLal Brij; Subrahmanyam Dr.N; Hemne P S | ||
| 245 | 0 | _aHeat thermodynamics and statistical physics | |
| 260 |
_aNew Delhi _b S.chand & company _c1968 |
||
| 300 | _axix, 665p. | ||
| 500 | _aAppendix 641-659p.; Index 660-665p. | ||
| 650 | _a Quantum statistics | ||
| 650 | _aConcept of heat | ||
| 700 | _aLal Brij; Subrahmanyam Dr.N; Hemne P S | ||
| 942 |
_hC4:7, K8;7 _cTEXL _2CC |
||
| 999 |
_c11956 _d11956 |
||